<?xml version="1.0" encoding="UTF-8"?>
<collection xmlns="http://www.loc.gov/MARC21/slim">
 <record>
  <leader>01126nam#a2200313#c#4500</leader>
  <controlfield tag="001">UMA-000132</controlfield>
  <controlfield tag="003">UMA</controlfield>
  <controlfield tag="005">20241018    142055</controlfield>
  <controlfield tag="008">241018suuuu####   ##########||||#0#spa#d</controlfield>
  <datafield tag="020" ind1="#" ind2="#">
   <subfield code="a">9789589922682</subfield>
  </datafield>
  <datafield tag="041" ind1="0" ind2="#">
   <subfield code="a">spa</subfield>
  </datafield>
  <datafield tag="044" ind1="#" ind2="#">
   <subfield code="a">ck</subfield>
  </datafield>
  <datafield tag="082" ind1="0" ind2="4">
   <subfield code="a">SEDE CENTRAL 615.851 54 UNI</subfield>
  </datafield>
  <datafield tag="110" ind1="#" ind2="#">
   <subfield code="a">Universidad Nacional de Colombia</subfield>
   <subfield code="b">Facultad de artes, maestría en musicoterapia</subfield>
   <subfield code="e">Autor</subfield>
  </datafield>
  <datafield tag="245" ind1="0" ind2="0">
   <subfield code="a">Musicoterapia en los problemas psicosociales de la niñez y la juventud en cuatro países de Latinoamérica</subfield>
   <subfield code="c">Universidad Nacional de Colombia</subfield>
  </datafield>
  <datafield tag="264" ind1="#" ind2="0">
   <subfield code="a">Bogotá, Colombia</subfield>
   <subfield code="b">Universidad Nacional de Colombia</subfield>
   <subfield code="c">2014</subfield>
  </datafield>
  <datafield tag="300" ind1="#" ind2="#">
   <subfield code="a">309 páginas</subfield>
   <subfield code="c">23 x 16 cm</subfield>
  </datafield>
  <datafield tag="336" ind1="#" ind2="#">
   <subfield code="a">texto</subfield>
   <subfield code="b">txt</subfield>
   <subfield code="2">rdacontent</subfield>
  </datafield>
  <datafield tag="337" ind1="#" ind2="#">
   <subfield code="a">no mediado</subfield>
   <subfield code="b">n</subfield>
   <subfield code="2">rdamedia</subfield>
  </datafield>
  <datafield tag="338" ind1="#" ind2="#">
   <subfield code="a">volumen</subfield>
   <subfield code="b">nc</subfield>
   <subfield code="2">rdacarrier</subfield>
  </datafield>
  <datafield tag="500" ind1="#" ind2="#">
   <subfield code="a">Publicación académica</subfield>
  </datafield>
  <datafield tag="650" ind1="#" ind2="0">
   <subfield code="a">Musicoterapia</subfield>
  </datafield>
  <datafield tag="650" ind1="#" ind2="0">
   <subfield code="a">Terapia musical</subfield>
  </datafield>
  <datafield tag="650" ind1="#" ind2="0">
   <subfield code="a">Musicoterapia e infancia</subfield>
  </datafield>
  <datafield tag="650" ind1="#" ind2="0">
   <subfield code="a">Psicología</subfield>
  </datafield>
  <datafield tag="650" ind1="#" ind2="0">
   <subfield code="a">Donación Virginia Tosto</subfield>
  </datafield>
  <datafield tag="650" ind1="#" ind2="0">
   <subfield code="a">Universidad Nacional de Colombia</subfield>
  </datafield>
  <datafield tag="650" ind1="#" ind2="0">
   <subfield code="a">Problemas psicosociales</subfield>
  </datafield>
  <datafield tag="700" ind1="0" ind2="#">
   <subfield code="a">Carmen Barbosa Luna, Miguel Suárez Russi</subfield>
   <subfield code="e">Editores</subfield>
  </datafield>
 </record>
</collection>
